Città del Veneto - Quiz con Mappa - Statistics

Statistiche generali
  • Questo quiz è stato fatto 419 volte
  • Il punteggio medio è 8 su 12
Risposte nella Mappa
Le risposte nella mappa del quiz sottostante sono codificate secondo una scala di colori dal rosso al verde in base alla % di persone che hanno risposto correttamente.
 
Statistiche sulle risposte
Risposta % Corretto
Venezia
88%
Verona
77%
Padova
74%
Rovigo
72%
Chioggia
71%
Belluno
67%
Cortina d'Ampezzo
62%
Vicenza
62%
Treviso
61%
Bassano del Grappa
58%
San Donà di Piave
58%
Conegliano
50%
Nessun quiz corrispondente trovato
Distribuzione punteggi
Percentuale di utenti per punteggio
Percentile per numero di risposta
I tuoi punteggi nel tempo
Non hai fatto questo quiz